Music Quiz

Random Music or Clickable Quiz
Score 0/15 Timer 05:00
0 Plays Today
% Correct
Jackie Jackson
88.9%
Mel B
88.9%
Dr. Dre
77.8%
Lindsey Buckingham
55.6%
Bob Dylan
55.6%
Gary Barlow
55.6%
Goro Inagaki
55.6%
Mick Jagger
44.4%
% Correct
Jonathan Knight
44.4%
Colin Greenwood
33.3%
Paul 'Bonehead' Arthurs
33.3%
Jeff Ament
33.3%
Tony Banks
22.2%
Brian Johnson
22.2%
Peter Gill
11.1%
Remove Ads.
Support Sporcle.
Get the best of Sporcle when you Go Orange. This ad-free experience offers more features, more stats, and more fun while also helping to support Sporcle. Thank you for becoming a member.

You're not logged in!

Compare scores with friends on all Sporcle quizzes.
OR
Log In

Sporcle TV

Today on Sporcle TV


Watch our educational content, quiz creation guides, and fun videos on Sporcle TV.

Show Comments

Extras

Created Sep 23, 2017ReportNominate
Tags:Clickable Quiz

Top Quizzes Today


Score Distribution

Paid Content

Your Account Isn't Verified!

In order to create a playlist on Sporcle, you need to verify the email address you used during registration. Go to your Sporcle Settings to finish the process.

Report this User

Report this user for behavior that violates our Community Guidelines.

Details: